000 01028nam a22002657a 4500
001 BD-DhSAU 9278
003 BD-DhSAU
005 20260512113033.0
008 260512b2018 bg a|||| m||| 00| 0 eng d
040 _aBD-DhSAU
082 _222
_a631.4
_bM7491
100 _aBiswas, Monisha
_eRegistration # 16-07258
245 _aEffect of sulphur and boron on the growth and yield of lady’s finger (bari dharosh-2) /
_bMS thesis
260 _aSher-e-Bangla Agricultural University;
_bDepartment of Soil Science, ;
_c2024.
300 _axii, 71p. :
_bill. ;
_c30 cm.
500 _aMS thesis of Department of Soil Science, ;, Faculty of Agriculture. Sher-e-Balgla Agricultural University Dhaka-1207
504 _aIncludes bibliographical reference.
590 _aNazmul
650 _asulphur and boron
650 _alady’s finger (bari dharosh-2)
700 _aProf. Dr. Alok Kumar Paul
_eSuperviser
710 _eCo-Superviser
_aProf. Dr. Mohammad Mosharraf Hossain
942 _2ddc
_cTHESIS
999 _c18380
_d18379